Quizzes
Events
Quiz Creation
Community
Videos
Private Events
Remove Ads
Sign In
Join for FREE
Feedback
Dark Mode
Quiz Categories
Sports
Geography
Music
Movies
Television
Just For Fun
Miscellaneous
History
Literature
Language
Science
Gaming
Entertainment
Religion
Holiday
For Kids
Quiz Lab
Recent
Popular Today
Quiz Kudos Today
Editor Picks
Curator Picks
Quizzes by...
Day
Popularity
Type
Ratings
Length
Year
Community
Subscriptions
Recent Discussions
Orange Saloon
Badges
Playlists
Quests
Create
Leaderboards
Showdown
Live 5
Trivia Bingo
Activity
Puzzle Library
Sporcle Events
Private Events
Virtual Trivia
Globe League
Become a Host
Pub Owners
SporcleCon
Opinionation
Our Games
Videos
Blog
Mobile Apps
Partnerships
Remove Ads and Go Orange
Feedback
Sports
Athletes
MLB
NBA
NHL
NFL
Soccer
Sports Teams
WWE
NCAA
Football
Premier League
Basketball
Baseball
Hockey
Golf
Tennis
Cricket
Rugby
Auto Racing
Olympics
World Cup
Sports
Athletes
MLB
NBA
NHL
NFL
Soccer
Sports Teams
WWE
NCAA
Football
Premier League
Basketball
Baseball
Hockey
Golf
Tennis
Cricket
Rugby
Auto Racing
Olympics
World Cup
Random Quiz
Search Sporcle
×
Quiz Lab
Quiz Lab
Sports
NFL
Type in answers that appear in a list
Type in answers that appear in a list
Classic
Best Score? Go Orange.
Longest TD's by type in the 2000s Stats
Can you name the Longest TD's by type in the 2000s?
By
matthaes
8m
95 Questions
51 Plays
51 Plays
51 Plays
Comments
Comments
Give Quiz Kudos
Give Quiz Kudos
-
- Ratings
hide this ad
More Info
Replay
Link that replays current quiz
Next Quiz
Link to next quiz in quiz playlist
You Got
0%
They Got
Avg Score
33%
Avg Friend Score
Upgrade to see
Score Distribution
Jump to the score distribution portion of the page
Score
0/95
Timer
08:00
0
Plays Today
Player
% Correct
Ron Johnson
92.2%
Chris Johnson
92.2%
Chris Johnson
92.2%
Calvin Johnson
92.2%
Ed Reed
90.2%
Ed Reed
90.2%
Ed Reed
90.2%
David Reed
90.2%
Devin Hester
88.2%
Ahman Green
88.2%
Ahman Green
88.2%
Tiki Barber
82.4%
Ahmad Bradshaw
80.4%
Shaun Alexander
78.4%
Shaun Alexander
78.4%
Brad Smith
76.5%
Warrick Dunn
74.5%
DeSean Jackson
72.5%
Antonio Cromartie
70.6%
Chester Taylor
68.6%
Dante Hall
64.7%
Tramon Williams
62.7%
Dez Bryant
62.7%
Aeneas Williams
62.7%
Roy E. Williams
62.7%
Corey Dillon
60.8%
Mike Brown
60.8%
James Harrison
51%
Mario Manningham
49%
Terrell Owens
47.1%
Terrell Owens
47.1%
Bernard Berrian
43.1%
Player
% Correct
Adrian Wilson
37.3%
Andre' Davis
35.3%
Darren Sproles
35.3%
Josh Cribbs
35.3%
Andre' Davis
35.3%
Eddie Royal
33.3%
Chris McAlister
29.4%
Lito Sheppard
29.4%
Lito Sheppard
29.4%
Brandon Tate
29.4%
Julian Edelman
27.5%
Nathan Vasher
25.5%
Antrel Rolle
23.5%
Stefan Logan
21.6%
Shannon Sharpe
21.6%
Dexter McCluster
19.6%
Ellis Hobbs
19.6%
Rob Morris
17.6%
Nate Burleson
15.7%
Rashard Anderson
15.7%
Bryant Westbrook
15.7%
Jamal Anderson
15.7%
Bryan McCann
13.7%
Bryan McCann
13.7%
Chris Carr
13.7%
Terrence McGee
13.7%
Terrence McGee
13.7%
Justin Miller
11.8%
David Patten
11.8%
Bracy Walker
9.8%
Anthony Mitchell
9.8%
Nate Clements
9.8%
Player
% Correct
Donald Mitchell
9.8%
Donald Mitchell
9.8%
Adam Archuleta
9.8%
Cortland Finnegan
9.8%
Marcus Coleman
9.8%
Allen Rossum
9.8%
Desmond Howard
5.9%
Johnnie Lee Higgins
5.9%
Louis Delmas
5.9%
Brock Marion
3.9%
Tony Horne
3.9%
Marc Boerigter
3.9%
Kevin Dockery
2%
Lamont Brightful
2%
Mike Patterson
2%
Joselio Hanson
2%
Artrell Hawkins
2%
Brodney Pool
2%
Aundrae Allison
2%
Todd Lyght
0%
Pat Watkins
0%
Roderick Hood
0%
Geno Hayes
0%
Brandon Chillar
0%
Andre King
0%
David Bowens
0%
Geno Hayes
0%
De De Dorsey
0%
Craig Steltz
0%
Chukie Nwokorie
0%
Keith Lyle
0%
Quiz Playlist
Details
Report
Send in Message
Add To Playlist
More Info:
Longest TD's in the NFL between the 2000 and 2010 seasons. TD length, season and team are shown. (* indicates TD occurred during a playoff game)
Classic:
Type in answers that appear in a list
Quiz Source
Last Updated: Feb 16, 2017
Quiz Scoreboard
CHALLENGE
Sign Up to Join the Scoreboard
Show All
Scores
Hide
Comments
May contain spoilers
Recently Published
An Introduction to Baseball
by treessimontrees
Sports
5m
Movies - When Are They Set?
by FPL_Elf
Movies
5m
Popular People in 1961
by mucciniale
History
6m
More to Explore
Quiz From the Vault
Featured Blog Post
Where Did the Easter Bunny Come From?
hide this ad
You Might Also Like...
Tags
NFL Quiz
Receiving Touchdowns
TD Leaders
Touchdown Scorers
Today's Top Quizzes in Sports
Browse Sports
hide this ad
Today's Top Quizzes in NFL
Browse NFL
Top Contributed Quizzes in Sports
1
Les meilleurs buteurs des matchs entre le PSG et l’OM
2
2022 World Cup Stars
3
FIFA Club World Cup Champions
4
Les entraîneurs de l'OM et du PSG au 21e siècle
5
Name the Premier League winners with different clubs
6
La finale Lions - Afrique du Sud 2021
7
Criteria MLB: Left Handed Sluggers
8
Les joueurs passés par le LOSC et le RC Lens
9
Players with Multiple 50 Home Run Seasons
10
MLB Players with Two .350 Batting Average Seasons
Explore More
Trending Topics
Anime
Kpop
Crossword
Marvel
Disney
Harry Potter
NBA
Country
Pokémon
Soccer
Song
NFL
Puzzle
The Office
WWE
hide this ad
More By:
matthaes
Quiz
Plays
Rating
Category
Featured
Created
NBA Chain Game
17,165
3.84
Sports
Jan 29, 2011
Most top 5 NBA statistical seasons
6,781
4.42
Sports
Dec 18, 2010
Most 40 point NBA playoff games (active)
4,530
4.22
Sports
Dec 18, 2010
Final Season Heroics (NBA)
2,792
4.62
Sports
Dec 19, 2010
20,000 passing & 1,500 rushing
2,372
4.38
Sports
Feb 5, 2011
Go to Creator's Profile
Score Distribution
Quiz Creator Spotlight
matthaes
Follow
Send a Message
Quizzes Created
-
Created Quiz Play Count
-
More By This Creator
Popular Quizzes Today
1
Find the Countries of Europe - No Outlines Minefield
2
Find the US States - No Outlines Minefield
3
The Countries of the World
4
Popular People in 1961
5
US States
6
1-10 Letter E Words III
7
Find the US States
8
One Thing in Common: World Cities II
More Sports Quizzes
Argentina World Cup Final Match Up
Quiz Lab
Trending Quizzes
Risky Map Clicking: Least Populous States A-Z
1-10 Letter F Words
1-10 Letter G Words
One Thing in Common: United Kingdom
Risky Map Clicking: Next State Alphabetically
Recently Updated
Leaping Animals
pecheneg
Reality TV Shows (A-Z)
bhenderson79
Rickey Henderson's Hall of Fame Teammates
pecheneg
Champions League XIs: Arsenal
pecheneg
Quick Pick: Celebrities in WWE's Hall of Fame
aduchscher
A-Z Keypad Blitz II
pecheneg
Multiple Oscar Actors
pecheneg
Mystery Phrase Blitz: Oscar 'Best Actors'
pecheneg
F. Scott Fitzgerald Novels
LTH
Pick 3 Villains
ddd62291
Trending Topics
NBA
Harry Potter
Kpop
Anime
Marvel
Crossword
Disney
NFL
The Office
Puzzle
WWE
Pokémon
Soccer
Country
Song
Your Account Isn't Verified!
In order to create a playlist on Sporcle, you need to verify the email address you used during registration. Go to your
Sporcle Settings
to finish the process.
Report this User
Report this user for behavior that violates our
Community Guidelines
.
Details:
Send Report
Go to the Sporcle.com Mobile Site →
Comments